|
|
|
|
| LEADER |
00000nab a2200000 a 4500 |
| 001 |
vtls009173769 |
| 003 |
SK-MaSNL |
| 005 |
20260426090112.0 |
| 008 |
250507c2007 xo zr|p|||||||000 b|slo |
| 015 |
|
|
|a SNBRB2008/01
|2 snkbucl
|
| 035 |
|
|
|a (uuid)a02aae39-c931-4a7b-98e2-d4ad96027265
|
| 035 |
|
|
|a urn:nbn:sk:snk-abadge
|
| 035 |
|
|
|a (urnnbn)urn:nbn:sk:snk:ar-008e4v
|
| 038 |
|
|
|a SNKBUCL
|
| 040 |
|
|
|a SNKBUCL
|b slo
|c SNKBUCL
|e AACR2
|
| 041 |
0 |
|
|a slo
|
| 044 |
|
|
|a xo
|c SK
|
| 080 |
|
|
|a 719:904:620.9
|x (437.6)
|2 2001
|
| 080 |
|
|
|a 904:620.9
|x (437.6)
|2 2001
|
| 080 |
|
|
|a 620.9:904
|x (437.6)
|2 2001
|
| 100 |
1 |
|
|a Dvořáková, Viera,
|d 1953-
|4 aut
|9 20043
|
| 245 |
1 |
0 |
|a O energetickej efektívnosti
|b z pohľadu pamiatkára
|c Viera Dvořáková ; recenzent Peter Vodrážka
|
| 300 |
|
|
|b Fotogr.
|
| 650 |
0 |
7 |
|a kultúrne pamiatky
|2 snkbucl
|9 2862
|
| 650 |
0 |
7 |
|a národné kultúrne pamiatky
|2 snkbucl
|9 31192
|
| 650 |
0 |
7 |
|a obnova a rekonštrukcia pamiatok
|2 snkbucl
|9 91110
|
| 650 |
0 |
7 |
|a ochrana kultúrnych pamiatok
|2 snkbucl
|9 2861
|
| 650 |
0 |
7 |
|a energetická efektívnosť
|2 snkbucl
|9 74220
|
| 651 |
|
7 |
|a Slovensko
|2 snkbucl
|9 14231
|
| 700 |
1 |
|
|a Vodrážka, Peter,
|d 1952-
|4 rev
|9 219110
|
| 773 |
0 |
|
|t Eurostav
|g Roč. 13, č. 7 (2007), s. 15-17
|x 1335-1249
|
| 850 |
|
|
|a Slovenská národná knižnica
|
| 852 |
|
|
|a Slovenská národná knižnica
|
| 954 |
|
|
|a odborná, vedecká literatúra pôvodná (slovenská)
|2 lita
|
| 958 |
|
|
|a article14
|
| 958 |
|
|
|a OND
|
| 958 |
|
|
|a SK
|
| 958 |
|
|
|a EUIPO
|
| 999 |
|
|
|c 2980321
|d 2982251
|